| 000 | 00964nam a22002777a 4500 | ||
|---|---|---|---|
| 001 | 4502 | ||
| 003 | FISKH | ||
| 005 | 20240912113107.0 | ||
| 008 | 240912b cb ||||| |||| 00| 0 eng d | ||
| 020 | _a9780448450698 | ||
| 040 |
_aFISKH _beng _cFISKH _dFISKH |
||
| 050 | _aPE1119 | ||
| 100 |
_aSander, Sonia _dAdaptor |
||
| 245 |
_aGoldilocks and the three bears / _cAdapted by Sonia Sander : illustrated by John Huxtable |
||
| 260 |
_aNew York : _bPenguin Young Readers ; _c2009. |
||
| 300 |
_a30 pages : _bcolor illustrations; _c24 cm . |
||
| 490 | _aAll aboard reading | ||
| 505 | _aG | ||
| 520 | _aThe Super Readers fly into the story of Goldilocks and the Three Bears to see what Goldilocks does when she makes a mess in the Three Bears house. | ||
| 521 | 8 |
_a400
_bLexile estimate |
|
| 521 | 8 |
_aG
_bRaz-Plus |
|
| 650 |
_asuperhero _vfairy tales |
||
| 700 |
_aHuxtable, John _eillustrator |
||
| 942 |
_2ddc _cBK _n0 |
||
| 999 |
_c4502 _d4502 |
||